000
00283nam a22001217a 4500
082
_a
823
_b
GER/G
100
_a
TAYLOR, GERALDINE
245
_a
GOING TO PLAY GROUND
260
_a
UNITED KINGDOM
_b
LADY BIRD BOOKS
300
_a
20
650
_a
ENGLISH STORY
_z
UNITED KINGDOM
942
_c
BK
999
_c
7500
_d
7500